[Event "Ingrid Larsen Memorial (Women)"]
[Site "Farum"]
[Date "1991.??.??"]
[Round "?"]
[White "Hoiberg, Nina"]
[Black "Safranska, Anda"]
[Result "1/2-1/2"]
[WhiteElo "2295"]
[BlackElo "2235"]
[PlyCount "72"]
[EventDate "1991.??.??"]
[EventType "swiss"]
[EventRounds "9"]
[EventCountry "DEN"]
[SourceTitle "EXT 2000"]
[Source "ChessBase"]
[SourceDate "1999.11.16"]

1. e4 g6 2. d4 Bg7 3. Nc3 c6 4. f4 d5 5. e5 Nh6 6. Nf3 O-O 7. Be3 f6 8. Bd3
fxe5 9. fxe5 Bg4 10. Qd2 Nf5 11. O-O Nxe3 12. Qxe3 Bxf3 13. Rxf3 Rxf3 14. Qxf3
Qb6 15. Qg4 Na6 16. Qe6+ Kh8 17. Ne2 Nc7 18. Qxe7 Re8 19. Qh4 Kg8 20. Kh1 Qxb2
21. Qe1 Qa3 22. Nf4 Qe7 23. Rb1 b6 24. Qg3 Ne6 25. Nxe6 Qxe6 26. Rf1 b5 27. h4
c5 28. h5 cxd4 29. hxg6 hxg6 30. Bxg6 Rf8 31. Rxf8+ Kxf8 32. Qf4+ Kg8 33. Bf5
Qxe5 34. Qxe5 Bxe5 35. Be6+ Kg7 36. Bxd5 Kf6 1/2-1/2

[Event "Ingrid Larsen Memorial (Women)"]
[Site "Farum"]
[Date "1991.??.??"]
[Round "?"]
[White "Johnsen, Sylvia"]
[Black "Kisova, Petra"]
[Result "0-1"]
[WhiteElo "2005"]
[BlackElo "2145"]
[PlyCount "113"]
[EventDate "1991.??.??"]
[EventType "swiss"]
[EventRounds "9"]
[EventCountry "DEN"]
[SourceTitle "EXT 2000"]
[Source "ChessBase"]
[SourceDate "1999.11.16"]

1. c4 e5 2. Nc3 Nc6 3. g3 g6 4. Bg2 Bg7 5. Nf3 d6 6. O-O Nf6 7. d3 O-O 8. Rb1
a5 9. a3 h6 10. b4 axb4 11. axb4 Nh5 12. b5 Ne7 13. Nh4 g5 14. Nf3 f5 15. e3
Nf6 16. Qb3 Kh8 17. Ne1 Ng6 18. f4 exf4 19. exf4 gxf4 20. Ne2 fxg3 21. hxg3 Ng4
22. Nc2 Re8 23. Nf4 Nxf4 24. Bxf4 Re2 25. Bf3 Qe8 26. Bxg4 fxg4 27. Rf2 b6 28.
Rbf1 Bb7 29. d4 Bf3 30. Qd3 Ra2 31. Rxe2 Qxe2 32. Qxe2 Bxe2 33. Rc1 Bd3 34. Ne3
Bxd4 35. Rd1 Bxe3+ 36. Bxe3 Bxc4 37. Rd4 Be2 38. Bxh6 Bf3 39. Bd2 Kg8 40. Bf4
Rc2 41. Rb4 Kf7 42. Kf1 Ke6 43. Be3 Re2 44. Bf4 Kd5 45. Rb1 Rc2 46. Ke1 Kd4 47.
Bd2 Bd5 48. Rb4+ Bc4 49. Rb1 Kd3 50. Bg5 Rg2 51. Rd1+ Ke4 52. Bd8 Ke3 53. Bg5+
Kf3 54. Bf4 Rg1+ 55. Kd2 Rxd1+ 56. Kxd1 Bxb5 57. Kc2 0-1

[Event "Ingrid Larsen Memorial (Women)"]
[Site "Farum"]
[Date "1991.??.??"]
[Round "?"]
[White "Johnsen, Sylvia"]
[Black "Palatkova, Eliska"]
[Result "1-0"]
[WhiteElo "2005"]
[BlackElo "2025"]
[PlyCount "81"]
[EventDate "1991.??.??"]
[EventType "swiss"]
[EventRounds "9"]
[EventCountry "DEN"]
[SourceTitle "EXT 2000"]
[Source "ChessBase"]
[SourceDate "1999.11.16"]

1. e4 c5 2. c3 Nf6 3. e5 Nd5 4. d4 cxd4 5. Qxd4 e6 6. Nf3 Nc6 7. Qe4 Qc7 8. Bd3
d6 9. exd6 Bxd6 10. O-O Bd7 11. Re1 O-O-O 12. g3 Nce7 13. Ng5 Nf6 14. Qe2 Rdf8
15. a4 h5 16. Nf3 h4 17. Nxh4 Rxh4 18. gxh4 Bxh2+ 19. Kf1 Qc6 20. Be4 Nxe4 21.
Qxe4 Qa6+ 22. c4 e5 23. b3 Bh3+ 24. Ke2 Qe6 25. Nc3 Nf5 26. Be3 Nxe3 27. Qxe3
Bf4 28. Qc5+ Kd7 29. Rad1+ Ke8 30. Rd8+ Kxd8 31. Qxf8+ Kc7 32. Nd5+ Kc6 33.
Nb4+ Kc7 34. Qc5+ Kb8 35. Nd5 Qg4+ 36. Kd3 Qf3+ 37. Kc2 Bf5+ 38. Kb2 e4 39.
Nxf4 Qxf4 40. Rd1 a6 41. Rd8+ 1-0

[Event "Ingrid Larsen Memorial (Women)"]
[Site "Farum"]
[Date "1991.??.??"]
[Round "?"]
[White "Johnsen, Sylvia"]
[Black "Dahl, Ingrid"]
[Result "1/2-1/2"]
[WhiteElo "2005"]
[BlackElo "2105"]
[PlyCount "48"]
[EventDate "1991.??.??"]
[EventType "swiss"]
[EventRounds "9"]
[EventCountry "DEN"]
[SourceTitle "EXT 2000"]
[Source "ChessBase"]
[SourceDate "1999.11.16"]

1. c4 Nf6 2. Nc3 e6 3. g3 d5 4. cxd5 exd5 5. Bg2 Be7 6. Nf3 O-O 7. d3 Re8 8.
O-O c6 9. Qc2 Bf5 10. Bg5 h6 11. Bd2 Bh7 12. Rfe1 Nbd7 13. a3 c5 14. Bf4 a6 15.
Qb3 Nb6 16. Ne5 Bd6 17. Nxd5 Nbxd5 18. Bxd5 Rxe5 19. Bxe5 Bxe5 20. Bxf7+ Kf8
21. Be6 Rb8 22. Rac1 Qe7 23. Qb6 Bd6 24. Ba2 Nd7 1/2-1/2

[Event "Ingrid Larsen Memorial (Women)"]
[Site "Farum"]
[Date "1991.??.??"]
[Round "?"]
[White "Johnsen, Sylvia"]
[Black "Haahr, Merete"]
[Result "1-0"]
[WhiteElo "2005"]
[BlackElo "2010"]
[PlyCount "79"]
[EventDate "1991.??.??"]
[EventType "swiss"]
[EventRounds "9"]
[EventCountry "DEN"]
[SourceTitle "EXT 2000"]
[Source "ChessBase"]
[SourceDate "1999.11.16"]

1. e4 c5 2. c3 d5 3. exd5 Nf6 4. d4 Qxd5 5. Nf3 e6 6. Bd3 Nc6 7. O-O cxd4 8.
cxd4 Be7 9. Nc3 Qd8 10. Re1 O-O 11. a3 Nd5 12. Bc2 Nxc3 13. bxc3 Bf6 14. Qd3 g6
15. Bf4 Re8 16. Rad1 Ne7 17. Ne5 Bd7 18. Nxd7 Qxd7 19. Bb3 Rad8 20. Qc2 Qc6 21.
Be5 Bxe5 22. Rxe5 Nd5 23. c4 Nb6 24. Ra5 a6 25. Re5 Qc7 26. Qe2 Nd7 27. Re3 Qa5
28. Ba2 Qa4 29. Rb1 Nf6 30. Qf3 Kg7 31. Rd1 Qd7 32. Rb3 b5 33. Rb4 bxc4 34.
Bxc4 Nd5 35. Rbb1 Qa4 36. Rdc1 Nf6 37. Rb4 Qd7 38. Bxa6 Rb8 39. Rcb1 Rxb4 40.
Rxb4 1-0

[Event "Ingrid Larsen Memorial (Women)"]
[Site "Farum"]
[Date "1991.??.??"]
[Round "?"]
[White "Kisova, Petra"]
[Black "Richtrova, Eliska"]
[Result "0-1"]
[WhiteElo "2145"]
[BlackElo "2305"]
[PlyCount "76"]
[EventDate "1991.??.??"]
[EventType "swiss"]
[EventRounds "9"]
[EventCountry "DEN"]
[SourceTitle "EXT 2000"]
[Source "ChessBase"]
[SourceDate "1999.11.16"]

1. e4 d6 2. d4 Nf6 3. Nc3 g6 4. Nf3 Bg7 5. Be2 O-O 6. O-O Bg4 7. Be3 Nc6 8. Qd2
e5 9. d5 Ne7 10. Rad1 Bd7 11. Ne1 b5 12. a3 Qb8 13. Bg5 a5 14. b4 axb4 15. axb4
Ra3 16. f3 h6 17. Be3 Kh7 18. g4 g5 19. Ng2 Qb7 20. Ra1 Rfa8 21. Rxa3 Rxa3 22.
h4 gxh4 23. Nxh4 Nfg8 24. Kg2 Ng6 25. Nxg6 fxg6 26. Rh1 Qb8 27. Bd3 Qe8 28. Qe1
Bf8 29. Bd2 Be7 30. Bxh6 Nxh6 31. Qc1 Qf8 32. Qxa3 Bg5 33. Bxb5 Qf4 34. Bxd7
Qd2+ 35. Kh3 Bf4 36. Nd1 Nf7 37. g5 Kg7 38. Kh4 Qg2 0-1

[Event "Ingrid Larsen Memorial (Women)"]
[Site "Farum"]
[Date "1991.??.??"]
[Round "?"]
[White "Kisova, Petra"]
[Black "Haahr, Merete"]
[Result "1-0"]
[WhiteElo "2145"]
[BlackElo "2010"]
[PlyCount "74"]
[EventDate "1991.??.??"]
[EventType "swiss"]
[EventRounds "9"]
[EventCountry "DEN"]
[SourceTitle "EXT 2000"]
[Source "ChessBase"]
[SourceDate "1999.11.16"]

1. e4 c5 2. c3 d5 3. exd5 Nf6 4. c4 e6 5. dxe6 Bxe6 6. Nf3 Nc6 7. Be2 Be7 8.
O-O O-O 9. d3 Nd4 10. Nxd4 Qxd4 11. Nc3 Qd7 12. Be3 Rac8 13. Qc2 Ng4 14. Rad1
Qc7 15. Bxg4 Bxg4 16. f3 Be6 17. b3 Qe5 18. Rfe1 Bd6 19. f4 Qh5 20. Qf2 Bg4 21.
Rd2 Rfe8 22. Nd5 Re6 23. h3 Bxh3 24. gxh3 Qxh3 25. Qh2 Qf5 26. Kf2 Rce8 27. Rg1
Rg6 28. Rxg6 Qxg6 29. Qg3 Qf5 30. Qg5 Qe6 31. Rd1 f6 32. Qh5 g6 33. Qh4 Kg7 34.
Rh1 h5 35. Qh3 f5 36. Rg1 Kh6 37. Qg3 Be7 1-0

[Event "Ingrid Larsen Memorial (Women)"]
[Site "Farum"]
[Date "1991.??.??"]
[Round "?"]
[White "Lalic, Susan"]
[Black "Safranska, Anda"]
[Result "0-1"]
[WhiteElo "2300"]
[BlackElo "2235"]
[PlyCount "79"]
[EventDate "1991.??.??"]
[EventType "swiss"]
[EventRounds "9"]
[EventCountry "DEN"]
[SourceTitle "EXT 2000"]
[Source "ChessBase"]
[SourceDate "1999.11.16"]

1. e4 g6 2. d4 Bg7 3. Nc3 c6 4. f4 d5 5. e5 Nh6 6. Nf3 O-O 7. Be3 f6 8. Bd3 Bg4
9. exf6 exf6 10. h3 Bxf3 11. Qxf3 f5 12. O-O-O Nf7 13. g4 Nd6 14. h4 Ne4 15. h5
Nd7 16. hxg6 hxg6 17. gxf5 gxf5 18. Rdg1 Rf7 19. Qh5 Kf8 20. Rxg7 Rxg7 21.
Qxf5+ Nef6 22. Rh8+ Rg8 23. Rxg8+ Kxg8 24. Qg6+ Kf8 25. Qh6+ Ke7 26. Qg7+ Kd6
27. f5 Kc7 28. Bf4+ Kc8 29. Be5 Ne8 30. Qg6 Nc7 31. f6 b6 32. f7 Kb7 33. Bf5
Nf8 34. Qh5 Qe7 35. Ne2 Nce6 36. Nf4 Nd8 37. Qf3 Nxf7 38. Nxd5 Nxe5 39. Qe4
Qg5+ 40. Ne3 0-1

[Event "Ingrid Larsen Memorial (Women)"]
[Site "Farum"]
[Date "1991.??.??"]
[Round "?"]
[White "Lalic, Susan"]
[Black "Maskova, Jana"]
[Result "0-1"]
[WhiteElo "2300"]
[BlackElo "2245"]
[PlyCount "76"]
[EventDate "1991.??.??"]
[EventType "swiss"]
[EventRounds "9"]
[EventCountry "DEN"]
[SourceTitle "EXT 2000"]
[Source "ChessBase"]
[SourceDate "1999.11.16"]

1. e4 c5 2. Nc3 g6 3. f4 Bg7 4. Nf3 e6 5. d4 cxd4 6. Nxd4 Ne7 7. Be3 O-O 8. Be2
Nbc6 9. Qd2 d5 10. exd5 Nxd5 11. Nxd5 exd5 12. O-O Re8 13. Nxc6 bxc6 14. Bf3
Bxb2 15. Rab1 Qf6 16. Rxb2 Qxb2 17. Bd4 Qa3 18. c4 Bf5 19. cxd5 cxd5 20. Qf2
Qe7 21. Bxd5 Rac8 22. Bb3 a5 23. Be5 Be6 24. Kh1 Bxb3 25. axb3 f6 26. Ba1 Qe2
27. Qxe2 Rxe2 28. Bxf6 Rcc2 29. Rg1 Re3 30. Bd8 Ra2 31. h3 Rxb3 32. Re1 Rbb2
33. Re8+ Kg7 34. Re7+ Kf8 35. Rxh7 Rxg2 36. Bxa5 Rge2 37. Bb4+ Kg8 38. Re7 Ra1+
0-1

[Event "Ingrid Larsen Memorial (Women)"]
[Site "Farum"]
[Date "1991.??.??"]
[Round "?"]
[White "Lalic, Susan"]
[Black "Guindy, Esmat"]
[Result "1-0"]
[WhiteElo "2300"]
[BlackElo "2005"]
[PlyCount "63"]
[EventDate "1991.??.??"]
[EventType "swiss"]
[EventRounds "9"]
[EventCountry "DEN"]
[SourceTitle "EXT 2000"]
[Source "ChessBase"]
[SourceDate "1999.11.16"]

1. e4 e6 2. d4 d5 3. Nc3 dxe4 4. Nxe4 Nd7 5. Nf3 Ngf6 6. Nxf6+ Nxf6 7. Bg5 Be7
8. Bd3 O-O 9. Qe2 h6 10. h4 c5 11. dxc5 Qa5+ 12. c3 Qxc5 13. Ne5 Nd7 14. Nxd7
Bxd7 15. Be3 Qc7 16. O-O-O b5 17. Bc2 Rfd8 18. Kb1 a5 19. Bd4 Bc6 20. Qd3 f5
21. Qe3 Qc8 22. Bxf5 exf5 23. Qxe7 Be4+ 24. Ka1 Qd7 25. Qxd7 Rxd7 26. f3 Bc6
27. Rde1 Kf7 28. Re5 Rd5 29. Rhe1 Rxe5 30. Rxe5 g6 31. Rc5 Re8 32. a4 1-0

[Event "Ingrid Larsen Memorial (Women)"]
[Site "Farum"]
[Date "1991.??.??"]
[Round "?"]
[White "Maskova, Jana"]
[Black "Hennigan, Rita"]
[Result "0-1"]
[WhiteElo "2245"]
[BlackElo "2200"]
[PlyCount "68"]
[EventDate "1991.??.??"]
[EventType "swiss"]
[EventRounds "9"]
[EventCountry "DEN"]
[SourceTitle "EXT 2000"]
[Source "ChessBase"]
[SourceDate "1999.11.16"]

1. e4 c5 2. c3 d5 3. exd5 Qxd5 4. d4 Nf6 5. Nf3 e6 6. Na3 Qd8 7. Nc2 Be7 8. Bd3
O-O 9. O-O b6 10. Qe2 Bb7 11. Bg5 cxd4 12. Ncxd4 Nc6 13. Nxc6 Bxc6 14. Ne5 Bb7
15. Rad1 Nd5 16. Qh5 g6 17. Nxg6 fxg6 18. Bxg6 hxg6 19. Qxg6+ Kh8 20. Rd3 Bxg5
21. Rh3+ Bh4 22. Qh6+ Kg8 23. Rxh4 Kf7 24. Qh7+ Ke8 25. Qxb7 Qxh4 26. Qxa8+ Ke7
27. Qxa7+ Kf6 28. Qa3 Rh8 29. Qd6 Nf4 30. h3 Rg8 31. Qd4+ Ke7 32. Re1 Rxg2+ 33.
Kf1 Rg1+ 34. Kxg1 Qg5+ 0-1

[Event "Ingrid Larsen Memorial (Women)"]
[Site "Farum"]
[Date "1991.??.??"]
[Round "?"]
[White "Maskova, Jana"]
[Black "Hoiberg, Nina"]
[Result "1/2-1/2"]
[WhiteElo "2245"]
[BlackElo "2295"]
[PlyCount "117"]
[EventDate "1991.??.??"]
[EventType "swiss"]
[EventRounds "9"]
[EventCountry "DEN"]
[SourceTitle "EXT 2000"]
[Source "ChessBase"]
[SourceDate "1999.11.16"]

1. e4 e5 2. Nf3 Nc6 3. Bb5 d6 4. d4 Bd7 5. O-O exd4 6. Nxd4 Nf6 7. Re1 Be7 8.
Nc3 O-O 9. Bg5 h6 10. Bh4 Re8 11. Nf5 Bxf5 12. exf5 a6 13. Ba4 Qd7 14. Bxf6
Bxf6 15. Qh5 Bxc3 16. bxc3 Rxe1+ 17. Rxe1 Re8 18. Re3 Re5 19. Rxe5 dxe5 20. h3
Qe7 21. Bxc6 bxc6 22. Qe2 Qa3 23. Qxe5 Qxa2 24. f6 gxf6 25. Qxf6 Qxc2 26. Qd8+
Kg7 27. Qd4+ Kh7 28. Qc4 Qd1+ 29. Kh2 Qd5 30. Qxa6 Qe5+ 31. g3 Qxc3 32. Qa2 Qf3
33. Qc2+ Kg7 34. Kg1 Qd5 35. Qc3+ f6 36. Qe3 Qe5 37. Qf3 c5 38. Qg4+ Kf7 39.
Qd7+ Qe7 40. Qd5+ Ke8 41. h4 Qd6 42. Qh5+ Kd7 43. Qxh6 c4 44. h5 c3 45. Qh7+
Kc6 46. Qe4+ Kc5 47. h6 Qd1+ 48. Kg2 c2 49. Qe3+ Kc4 50. h7 c1=Q 51. Qxc1+ Qxc1
52. h8=Q Qg5 53. Qh4+ Qxh4 54. gxh4 Kd5 55. Kf3 Ke6 56. Kf4 Kf7 57. Kf5 Kg7 58.
Ke6 Kg6 59. h5+ 1/2-1/2

[Event "Ingrid Larsen Memorial (Women)"]
[Site "Farum"]
[Date "1991.??.??"]
[Round "?"]
[White "Maskova, Jana"]
[Black "Heinatz, Gundula"]
[Result "1/2-1/2"]
[WhiteElo "2245"]
[BlackElo "2220"]
[PlyCount "38"]
[EventDate "1991.??.??"]
[EventType "swiss"]
[EventRounds "9"]
[EventCountry "DEN"]
[SourceTitle "EXT 2000"]
[Source "ChessBase"]
[SourceDate "1999.11.16"]

1. e4 c5 2. Nf3 Nc6 3. d4 cxd4 4. Nxd4 g6 5. c4 Bg7 6. Be3 Nf6 7. Nc3 Ng4 8.
Nxc6 dxc6 9. Qxd8+ Kxd8 10. Rd1+ Kc7 11. Bf4+ e5 12. Bc1 Be6 13. Be2 h5 14. h3
Nf6 15. O-O Bh6 16. Bxh6 Rxh6 17. b4 g5 18. c5 h4 19. f3 Rhh8 1/2-1/2

[Event "Ingrid Larsen Memorial (Women)"]
[Site "Farum"]
[Date "1991.??.??"]
[Round "?"]
[White "Maskova, Jana"]
[Black "Erenska Barlo, Hanna"]
[Result "1-0"]
[WhiteElo "2245"]
[BlackElo "2250"]
[PlyCount "101"]
[EventDate "1991.??.??"]
[EventType "swiss"]
[EventRounds "9"]
[EventCountry "DEN"]
[SourceTitle "EXT 2000"]
[Source "ChessBase"]
[SourceDate "1999.11.16"]

1. e4 c5 2. Nf3 Nc6 3. d4 cxd4 4. Nxd4 Qb6 5. Nb5 a6 6. Be3 Qd8 7. N5c3 Nf6 8.
Nd5 Nxd5 9. exd5 Ne5 10. f4 Ng6 11. Bd3 e6 12. O-O Be7 13. d6 Bf6 14. Nd2 b6
15. Nc4 Rb8 16. Qh5 b5 17. Ne5 Bxe5 18. fxe5 Qh4 19. Qxh4 Nxh4 20. Bg5 Ng6 21.
Bxg6 hxg6 22. Be7 Rh5 23. Rae1 Rf5 24. g4 Rxf1+ 25. Rxf1 f6 26. exf6 Kf7 27.
fxg7+ Kxg7 28. Rf8 Ra8 29. Rd8 e5 30. g5 Kf7 31. Rf8+ Kg7 32. Rd8 Kf7 33. h4 e4
34. Kf2 Ke6 35. Rf8 Bb7 36. Rf6+ Ke5 37. Rxg6 Bd5 38. h5 Rg8 39. Rxg8 Bxg8 40.
g6 Kf5 41. Ke3 Bd5 42. b3 Bg8 43. Kd4 Be6 44. c4 bxc4 45. bxc4 e3 46. Kxe3 Bxc4
47. a3 Bb3 48. Kd4 Bd1 49. g7 Bb3 50. Kc5 Bg8 51. Kb6 1-0

[Event "Ingrid Larsen Memorial (Women)"]
[Site "Farum"]
[Date "1991.??.??"]
[Round "?"]
[White "Maskova, Jana"]
[Black "Haahr, Merete"]
[Result "1-0"]
[WhiteElo "2245"]
[BlackElo "2010"]
[PlyCount "49"]
[EventDate "1991.??.??"]
[EventType "swiss"]
[EventRounds "9"]
[EventCountry "DEN"]
[SourceTitle "EXT 2000"]
[Source "ChessBase"]
[SourceDate "1999.11.16"]

1. e4 c5 2. c3 d5 3. exd5 Nf6 4. d4 Qxd5 5. Nf3 e6 6. Na3 Qd8 7. Bf4 a6 8. dxc5
Nd5 9. Bg3 Nc6 10. Bd3 Bxc5 11. Nc4 b5 12. Nce5 Nxe5 13. Nxe5 Qf6 14. O-O Bb7
15. Be4 Rd8 16. Qe2 O-O 17. a4 Qe7 18. axb5 axb5 19. Qxb5 f5 20. Nd3 Bd6 21.
Bxd6 Rxd6 22. Bf3 Rb6 23. Qc5 Qxc5 24. Nxc5 Rxb2 25. Nxb7 1-0

[Event "Ingrid Larsen Memorial (Women)"]
[Site "Farum"]
[Date "1991.??.??"]
[Round "?"]
[White "Palatkova, Eliska"]
[Black "Lalic, Susan"]
[Result "0-1"]
[WhiteElo "2025"]
[BlackElo "2300"]
[PlyCount "46"]
[EventDate "1991.??.??"]
[EventType "swiss"]
[EventRounds "9"]
[EventCountry "DEN"]
[SourceTitle "EXT 2000"]
[Source "ChessBase"]
[SourceDate "1999.11.16"]

1. c4 e5 2. Nc3 Nc6 3. g3 f5 4. Bg2 Nf6 5. d3 Bc5 6. e3 d6 7. Nge2 a6 8. a3 O-O
9. O-O Ba7 10. b4 Qe8 11. Qc2 Qh5 12. Nd5 f4 13. Nxf6+ Rxf6 14. exf4 Bh3 15.
Bd5+ Kh8 16. Re1 Raf8 17. Be3 exf4 18. Nxf4 Rxf4 19. Bxf4 Nd4 20. Qa2 Nf3+ 21.
Kh1 c6 22. Be4 Rxf4 23. gxf4 Bg4 0-1

[Event "Ingrid Larsen Memorial (Women)"]
[Site "Farum"]
[Date "1991.??.??"]
[Round "?"]
[White "Palatkova, Eliska"]
[Black "Hoiberg, Nina"]
[Result "0-1"]
[WhiteElo "2025"]
[BlackElo "2295"]
[PlyCount "115"]
[EventDate "1991.??.??"]
[EventType "swiss"]
[EventRounds "9"]
[EventCountry "DEN"]
[SourceTitle "EXT 2000"]
[Source "ChessBase"]
[SourceDate "1999.11.16"]

1. c4 d6 2. g3 f5 3. Bg2 Nf6 4. Nc3 g6 5. d3 e5 6. Nf3 Bg7 7. O-O O-O 8. Be3 h6
9. Qc1 Kh7 10. Rb1 a5 11. Ne1 Nc6 12. a3 Ng4 13. Bd2 Nd4 14. Qd1 f4 15. h3 Nf6
16. gxf4 exf4 17. Bxf4 Nh5 18. Bh2 Nf5 19. Nf3 Nh4 20. Ne4 Nxg2 21. Kxg2 Qd7
22. Ng1 a4 23. e3 Nf6 24. Nc3 d5 25. cxd5 Nxd5 26. Nxd5 Qxd5+ 27. e4 Qg5+ 28.
Bg3 Ra5 29. f4 Qe7 30. Nf3 Be6 31. d4 Qd7 32. Rh1 Rh5 33. h4 Bg4 34. d5 Re8 35.
Re1 Bf6 36. Qd3 Bxf3+ 37. Qxf3 Bxh4 38. Bxh4 Rxh4 39. Rh1 Rg4+ 40. Kf2 Rf8 41.
f5 gxf5 42. e5 Qg7 43. Rbe1 Qg5 44. Rhg1 Qd2+ 45. Re2 Qd4+ 46. Qe3 Qxd5 47.
Rxg4 fxg4+ 48. Kg1 Qf3 49. Qe4+ Kg7 50. Qxf3 Rxf3 51. Re4 h5 52. Rxa4 Kf7 53.
Rc4 c6 54. a4 Rb3 55. Rc2 Ke6 56. a5 Kd5 57. e6 Re3 58. Rh2 0-1

[Event "Ingrid Larsen Memorial (Women)"]
[Site "Farum"]
[Date "1991.??.??"]
[Round "?"]
[White "Richtrova, Eliska"]
[Black "Lalic, Susan"]
[Result "1/2-1/2"]
[WhiteElo "2305"]
[BlackElo "2300"]
[PlyCount "55"]
[EventDate "1991.??.??"]
[EventType "swiss"]
[EventRounds "9"]
[EventCountry "DEN"]
[SourceTitle "EXT 2000"]
[Source "ChessBase"]
[SourceDate "1999.11.16"]

1. e4 c6 2. d4 d5 3. Nd2 dxe4 4. Nxe4 Nd7 5. Bc4 Ngf6 6. Nxf6+ Nxf6 7. Nf3 Bf5
8. Bf4 e6 9. O-O Bg4 10. c3 Bd6 11. Bxd6 Qxd6 12. Qd3 Bxf3 13. Qxf3 O-O 14. Bb3
a5 15. a3 c5 16. dxc5 Qxc5 17. Bc2 Rfc8 18. Rad1 b5 19. Rd4 Rab8 20. Rfd1 b4
21. axb4 axb4 22. h3 bxc3 23. bxc3 Kf8 24. Ba4 Qc7 25. Qd3 g6 26. c4 Kg7 27.
Bb5 Ra8 28. Qd2 1/2-1/2

[Event "Ingrid Larsen Memorial (Women)"]
[Site "Farum"]
[Date "1991.??.??"]
[Round "?"]
[White "Richtrova, Eliska"]
[Black "Maskova, Jana"]
[Result "1/2-1/2"]
[WhiteElo "2305"]
[BlackElo "2245"]
[PlyCount "89"]
[EventDate "1991.??.??"]
[EventType "swiss"]
[EventRounds "9"]
[EventCountry "DEN"]
[SourceTitle "EXT 2000"]
[Source "ChessBase"]
[SourceDate "1999.11.16"]

1. d4 Nf6 2. Nf3 g6 3. g3 Bg7 4. Bg2 O-O 5. O-O d6 6. c4 c6 7. Nc3 Nbd7 8. Qc2
Qc7 9. h3 e5 10. Rd1 Re8 11. e4 exd4 12. Nxd4 Nc5 13. b4 Ne6 14. Nb3 g5 15. Bb2
Bd7 16. Rd2 Rad8 17. Rad1 Bc8 18. Ne2 h5 19. Rd3 Qe7 20. Qd2 g4 21. h4 Nf8 22.
e5 N6h7 23. Nf4 Bxe5 24. Nxh5 Bxb2 25. Qxb2 Qe5 26. Qxe5 Rxe5 27. Nf4 Ne6 28.
Nxe6 Bxe6 29. Na5 d5 30. cxd5 cxd5 31. a3 Rd7 32. Nb3 b6 33. Nd4 Nf6 34. Kf1
Rc7 35. b5 Bd7 36. Nc6 Bxc6 37. bxc6 Rxc6 38. Bxd5 Rc2 39. Bb3 Rb2 40. R1d2
Rb1+ 41. Kg2 Kg7 42. f3 Ree1 43. Bd1 gxf3+ 44. Bxf3 b5 45. Rd4 1/2-1/2

[Event "Ingrid Larsen Memorial (Women)"]
[Site "Farum"]
[Date "1991.??.??"]
[Round "?"]
[White "Richtrova, Eliska"]
[Black "Hennigan, Rita"]
[Result "1/2-1/2"]
[WhiteElo "2305"]
[BlackElo "2200"]
[PlyCount "57"]
[EventDate "1991.??.??"]
[EventType "swiss"]
[EventRounds "9"]
[EventCountry "DEN"]
[SourceTitle "EXT 2000"]
[Source "ChessBase"]
[SourceDate "1999.11.16"]

1. d4 Nf6 2. Nf3 e6 3. Bf4 b6 4. e3 Bb7 5. h3 d5 6. Nbd2 Bd6 7. Ne5 O-O 8. Bd3
c5 9. c3 Nc6 10. Bg3 Bc7 11. f4 Nxe5 12. fxe5 Ne4 13. Bxe4 dxe4 14. Qg4 cxd4
15. cxd4 f5 16. exf6 Bxg3+ 17. Qxg3 Rxf6 18. Qe5 Qe7 19. Rf1 Rxf1+ 20. Kxf1 Qb4
21. Qxe6+ Kh8 22. Nc4 Ba6 23. b3 Qc3 24. Rd1 Qxe3 25. Qf5 Re8 26. Qf2 Bxc4+ 27.
bxc4 Qa3 28. Kg1 h6 29. Qd2 1/2-1/2

[Event "Ingrid Larsen Memorial (Women)"]
[Site "Farum"]
[Date "1991.??.??"]
[Round "?"]
[White "Richtrova, Eliska"]
[Black "Erenska Barlo, Hanna"]
[Result "1-0"]
[WhiteElo "2305"]
[BlackElo "2250"]
[PlyCount "107"]
[EventDate "1991.??.??"]
[EventType "swiss"]
[EventRounds "9"]
[EventCountry "DEN"]
[SourceTitle "EXT 2000"]
[Source "ChessBase"]
[SourceDate "1999.11.16"]

1. d4 Nf6 2. Nf3 d6 3. c4 Nbd7 4. Nc3 c6 5. Bg5 Qa5 6. Qc2 b5 7. cxb5 cxb5 8.
Bd2 Qc7 9. Qb3 a6 10. Rc1 Qb7 11. e3 e6 12. Bd3 Be7 13. a4 b4 14. Ne2 Rb8 15.
Ng3 O-O 16. O-O Qa8 17. Ng5 Bb7 18. f3 g6 19. a5 e5 20. Kh1 Kg7 21. Bc4 Bd5 22.
e4 Bxc4 23. Qxc4 Qb7 24. f4 Rbc8 25. Qd3 Rxc1 26. Rxc1 Bd8 27. h3 Bxa5 28. dxe5
dxe5 29. Qd6 h6 30. fxe5 Ne8 31. Qe7 hxg5 32. e6 Nef6 33. e5 Qd5 34. exd7 Nxd7
35. Bxg5 Qe6 36. Ne4 Qxe7 37. Bxe7 Re8 38. Bf6+ Nxf6 39. exf6+ Kh6 40. Rc4 g5
41. Kh2 Kg6 42. Kg3 Re5 43. Kf3 Rf5+ 44. Ke2 Rb5 45. Rc8 Re5 46. Kd3 Rd5+ 47.
Kc4 Re5 48. Kd4 Rb5 49. Rg8+ Kh6 50. Nd6 Bb6+ 51. Ke4 Rc5 52. Nxf7+ Kh5 53. Ne5
Kh4 54. f7 1-0

[Event "Ingrid Larsen Memorial (Women)"]
[Site "Farum"]
[Date "1991.??.??"]
[Round "?"]
[White "Richtrova, Eliska"]
[Black "Forbes, Cathy"]
[Result "1-0"]
[WhiteElo "2305"]
[BlackElo "2135"]
[PlyCount "75"]
[EventDate "1991.??.??"]
[EventType "swiss"]
[EventRounds "9"]
[EventCountry "DEN"]
[SourceTitle "EXT 2000"]
[Source "ChessBase"]
[SourceDate "1999.11.16"]

1. Nf3 Nf6 2. g3 d5 3. Bg2 Bf5 4. O-O Nbd7 5. d3 e5 6. Nbd2 Bc5 7. Nh4 Bg4 8.
h3 Be6 9. e4 c6 10. a4 dxe4 11. dxe4 O-O 12. Qf3 a5 13. Nf5 g6 14. g4 Nb6 15.
Ng3 Nfd7 16. Rd1 Qf6 17. Qxf6 Nxf6 18. Nf3 Nfd7 19. b3 f6 20. Bb2 h6 21. Rd3
Rad8 22. Rad1 Nc8 23. Bc3 b6 24. Nh4 Kf7 25. Ne2 Be7 26. f4 exf4 27. Nxf4 Nc5
28. Rxd8 Rxd8 29. Rxd8 Bxd8 30. Nhxg6 b5 31. axb5 cxb5 32. e5 a4 33. bxa4 bxa4
34. Nxe6 Kxe6 35. Nf4+ Kf7 36. Bd5+ Kg7 37. exf6+ Kf8 38. Ng6+ 1-0

[Event "Ingrid Larsen Memorial (Women)"]
[Site "Farum"]
[Date "1991.??.??"]
[Round "?"]
[White "Safranska, Anda"]
[Black "Maskova, Jana"]
[Result "1-0"]
[WhiteElo "2235"]
[BlackElo "2245"]
[PlyCount "99"]
[EventDate "1991.??.??"]
[EventType "swiss"]
[EventRounds "9"]
[EventCountry "DEN"]
[SourceTitle "EXT 2000"]
[Source "ChessBase"]
[SourceDate "1999.11.16"]

1. e4 c5 2. Nf3 Nc6 3. d3 d6 4. g3 g6 5. Bg2 Bg7 6. O-O e6 7. c3 Nge7 8. Nbd2
O-O 9. Ne1 Rb8 10. a4 a6 11. f4 b5 12. axb5 axb5 13. Ndf3 b4 14. Bd2 Qb6 15.
Nc2 Ba6 16. Qe2 Na5 17. Be1 Nb3 18. Rd1 Qa5 19. e5 dxe5 20. Nxe5 Rfd8 21. Be4
Qa2 22. Ne3 bxc3 23. Bxc3 Nd5 24. Qe1 Nxc3 25. bxc3 c4 26. Rf2 Qa4 27. d4 Rbc8
28. Bg2 f6 29. Nf3 Bb7 30. Nc2 Re8 31. Re2 Qd7 32. Re3 Rcd8 33. Bh3 f5 34. Bf1
Bd5 35. Qf2 Ra8 36. Nb4 Bf6 37. Nxd5 exd5 38. Ne5 Bxe5 39. fxe5 Qe6 40. Bg2
Red8 41. Re2 Ra5 42. Rf1 h5 43. h3 Rf8 44. Qf4 Rf7 45. Ref2 Raa7 46. Qg5 Kg7
47. g4 hxg4 48. hxg4 f4 49. Rxf4 Rxf4 50. Qxf4 1-0